NLSUI OPAC header image

Human development in India : (Record no. 26563)

MARC details
000 -LEADER
fixed length control field 01558nam a2200229Ia 4500
003 - CONTROL NUMBER IDENTIFIER
control field OSt
005 - DATE AND TIME OF LATEST TRANSACTION
control field 20251231103438.0
008 - FIXED-LENGTH DATA ELEMENTS--GENERAL INFORMATION
fixed length control field 160316s2010 xxu||||| |||| 00| 0 eng d
020 ## - INTERNATIONAL STANDARD BOOK NUMBER
International Standard Book Number 9780198065128
020 ## - INTERNATIONAL STANDARD BOOK NUMBER
International Standard Book Number ‎ 0198065124
040 ## - CATALOGING SOURCE
Transcribing agency nls
082 ## - DEWEY DECIMAL CLASSIFICATION NUMBER
Classification number 338.9 DES
100 ## - MAIN ENTRY--PERSONAL NAME
Personal name Desai, Sonalde B
245 ## - TITLE STATEMENT
Title Human development in India :
Remainder of title challenges for a society in transition /
Statement of responsibility, etc. Desai, Sonalde B
260 ## - PUBLICATION, DISTRIBUTION, ETC.
Place of publication, distribution, etc. New Delhi :
Name of publisher, distributor, etc. Oxford University Press ;
Date of publication, distribution, etc. 2010.
300 ## - PHYSICAL DESCRIPTION
Extent xxiv, 234 p.
365 ## - TRADE PRICE
Price amount Rs. 595
505 ## - Contents
Contents Contents:<br/>List of Tables, Figures, and Boxes ix;<br/>Foreword xv;<br/>Preface xvii;<br/>Acknowledgements xviii;<br/>List of Research Team and Advisors xxi;<br/>List of Partner NGOs, Institutions, and Individuals xxiii;<br/>List of Abbreviations xxiv;<br/>APPROACH;<br/>1. Introduction 3;<br/>ECONOMIC WELL-BEING;<br/>2. Income, Poverty, and Inequality 11;<br/>3. Agriculture 28;<br/>4. Employment 39;<br/>5. Household Assets and Amenities 60;<br/>EDUCATION AND HEALTH;<br/>6. Education 75;<br/>7. Health and Medical Care 97;<br/>VULNERABLE POPULATION;<br/>8. Child Well-being 125;<br/>9. Well-being of the Older Population 138;<br/>10. Gender and Family Dynamics 148;<br/>SOCIAL CHANGES;<br/>11. Social Integration and Exclusion 171;<br/>12. Villages in a Global World 182;<br/>POLICY RESPONSES;<br/>13. Social Safety Nets in India 197;<br/>14. Conclusion 207;<br/>Appendix I—IHDS: Th e Design 213;<br/>Appendix II—Chapter Organization and Defi nition of Variables 223;<br/>Bibliography 229.<br/>
650 ## - SUBJECT ADDED ENTRY--TOPICAL TERM
Topical term or geographic name entry element Human Development - India
700 ## - ADDED ENTRY--PERSONAL NAME
Personal name Dubey Amaresh
-- Joshi Brij Lal
942 ## - ADDED ENTRY ELEMENTS (KOHA)
Source of classification or shelving scheme Dewey Decimal Classification
Koha item type BOOKs
Holdings
Withdrawn status Lost status Damaged status Not for loan Home library Current library Shelving location Date acquired Cost, normal purchase price Total Checkouts Full call number Barcode Date last seen Price effective from Koha item type
        NLS NLS NAB Compactor 30/05/2017 595.00   338.9 DES 24029 30/05/2017 30/05/2017 BOOKs